| 000 | 00566nam 22001933 4500 | ||
|---|---|---|---|
| 001 | 199446 | ||
| 010 | _a978-972-23-7295-4 | ||
| 021 | _b523733/24 | ||
| 090 | _a199446 | ||
| 100 | _a20251209d u||y0pory50 ba | ||
| 200 |
_aE três maçãs caíram do céu _fNariné Abgarian _gtradução de Nina Guerra e Filipe Guerra |
||
| 205 | _a1ª | ||
| 210 |
_aLisboa _cEditorial Presença _d2024 |
||
| 215 |
_a246 p. _cbrochado _d23 cm |
||
| 606 |
_911 _aLiteratura Russa |
||
| 700 |
_915305 _aAbgarian _bNariné |
||
| 801 |
_aPT _bBMMN _gRPC |
||
| 830 |
_cFernando _fFernando |
||
| 990 | _cLIVROS | ||